00869nai a2200205Ia 4500003000900000008004100009022002200050022002300072040001600095245005100111260008600162310001400248362002600262521006900288650003600357856008800393942000700481999001700488952015800505IN-BaIIA211028c9999 xx s 000 0 eng d a1063-6706 (Print) a1941-0034 (Online) cIIA Library 0aIEEE Transactions on Fuzzy Systemsh[eJournal] aNew York, USAbThe Institute of Electrical and Electronics Engineers, Inc. (IEEE) aBimonthly a1(1); 1993 - Present  bSubscribed through National Knowledge Resource Consortium (NKRC) aComputing and Processing948785 uhttps://ieeexplore.ieee.org/servlet/opac?punumber=91yClick Here to Access eJournal cEJ c34672d34672 00104070aBANbBANd2009-01-01eNKRCh1(1); 1993 - Present l0pEJ756r2021-11-05uhttps://ieeexplore.ieee.org/servlet/opac?punumber=91w2021-11-05yEJ